Mexiko

Guardado en:
Detalles Bibliográficos
Formato: Libro
Lenguaje:checo
Publicado: Praha Pressfoto 1981
Colección:Obchodně ekonomické sborníky sv. 49
Etiquetas: Agregar Etiqueta
Sin Etiquetas, Sea el primero en etiquetar este registro!

MARC

LEADER 00000nam a2200000 4500
001 c128789
005 20250722080238.4
041 0 |a cze 
044 |a CZ 
245 1 0 |a Mexiko  |c Vlastislav Beneš, Ladislav Kubík a kol. 
264 1 |a Praha  |b Pressfoto  |c 1981 
300 |a 254 s. 
490 1 |a Obchodně ekonomické sborníky  |v sv. 49 
830 0 |a Obchodně ekonomické sborníky  |v sv. 49